000 02074cam a22005054i 4500
003 PE-LiUPU
005 20250731173552.0
008 150616s r 000 0 d
020 _a0800625374
035 _a(Sirsi) i9780800625375
040 _aPE-LiUPU
_bspa
_cPE-LiUPU
_erda
049 _aPRUA
082 0 4 _b
_221
100 1 _aBrueggemann, Walter,
_eautor.
245 1 0 _aOld Testament Theology :
_bEssays on Structure, Theme, and Text /
_cWalter Brueggemann ; editado por Patrick D. Miller.
264 1 _aMinneapolis, MN. :
_bFortress Press,
_c1992.
300 _a318 páginas ;
_c22 centímetros
336 _atext
_2rdacontent
337 _aunmediated
_2rdamedia
338 _avolume
_2rdacarrier
505 0 _aA shape for old testament theology I.- A shape for old testament theology II.- The rethoric of hurt and hope.- Bodied faith and the body politic.- A convergence in recent old testament theologies.- Futures in old testament theology.- Etc...
526 _aSEG42
526 _aSEG41
526 _aSEG40
526 _aSEG39
526 _aP94
526 _aP87
526 _aP86
526 _aP85
526 _aP77
526 _aP76
526 _aP35
630 _aBiblia.
_pA.T.
_xTEOLOGIA.
650 0 4 _a
910 _ajck
_bjvq
_cjck
942 _2ddc
_cBOOK
949 _a230 B85
_wDEWEY
_c1
_i40297
_lCCODEBUL1
_mBUL
_r0
_sY
_tBOOK
_u2015-4-23
_xTEOLOGIA
_zUNKNOWN
_0COMPRA
_o.STAFF. Colección General
949 _a230 B85
_wDEWEY
_c2
_i43228
_lCCODEBUL1
_mBUL
_r0
_sY
_tBOOK
_u2015-6-16
_xTEOLOGIA
_zUNKNOWN
_0COMPRA
_o.STAFF. Colección General
994 _aC0
_bPEPRU
596 _a1
999 _a230 B85
_wDEWEY
_c61191
_i40297
_f2021-11-9
_g5
_lCCODEBUL1
_mBUL
_r0
_sY
_tBOOK
_u2015-4-23
_xTEOLOGIA
_zUNKNOWN
_0COMPRA
_o.STAFF. Colección General
_d61191
999 _a230 B85
_wDEWEY
_c2
_i43228
_d2017-11-13
_f2021-11-9
_g5
_lCCODEBUL1
_mBUL
_q1
_r0
_sY
_tBOOK
_u2015-6-16
_xTEOLOGIA
_zUNKNOWN
_0COMPRA
_o.STAFF. Colección General
980 _81
_gALBERTO SANCHEZ Responsable de Automatización